| 000 | 01109nam a2200229Ia 4500 | ||
|---|---|---|---|
| 001 | L194-1874 | ||
| 003 | IT-CnALBA | ||
| 008 | 170116s9999||||xx |||||||||||||| ||und|| | ||
| 040 |
_aIT-CnALBA _cIT-CnALBA |
||
| 041 | _aITALIANO | ||
| 100 | _aROUSSEAU JEAN-JACQUES | ||
| 245 | 0 | _aEMILIO. | |
| 250 | _a1a ed. | ||
| 260 |
_aMILANO - VERONA _bMONDADORI ARNOLDO. EDIT. _c1936 [1° Ed.:1936 - Ed.Ling.Originale: 1936] |
||
| 300 | _a102 p. | ||
| 500 | _aCURATORE E SELEZIONATORE BANFI ANTONIO. VITA E OPERA DI ROUSSEAU. LA PRIMA ETA'. L'INFANZIA. FANCIULLEZZA. GIOVINEZZA. SOFIA O LA DONNA. CONCEZIONE DELLA VITA DI ROUSSEAU. SIGNIFICATO DELL'EMILIO. RITRATTO DI ROUSSEAU. | ||
| 501 | _aSocietà San Paolo EM - Piazza San Paolo, 14 - 12051 ALBA (CN) (non commercial uses only) ® Copyright 2017 | ||
| 520 | _aCURATORE E SELEZIONATORE BANFI ANTONIO. VITA E OPERA DI ROUSSEAU. LA PRIMA ETA'. L'INFANZIA. FANCIULLEZZA. GIOVINEZZA. SOFIA O LA DONNA. CONCEZIONE DELLA VITA DI ROUSSEAU. SIGNIFICATO DELL'EMILIO. RITRATTO DI ROUSSEAU. | ||
| 650 | _aFILOSOFIA FRANCESE | ||
| 942 | _cBK | ||
| 957 | _71 | ||
| 999 |
_a2854 _bSI _g Copie: 1 _c261091 _d261091 |
||